000 00759nam a2200229Ia 4500
005 20250108125015.0
008 008 250107s9999 xx 000 0 hin d
020 _a978-93-91238-02-5
037 _aTB
040 _aCRL
_bhin
_cCRL
041 _ahin
_2hin
084 _aV237 152R3
084 _qCRL
100 _aसरस्वती, निरंजनानन्द, ले.
245 0 _aशिव चरित्र
_cसरस्वती, निरंजनानन्द, ले.
260 _aबिहार, भारत
_bयोग पब्लिकेशन ट्रस्ट
_c2981
300 _a228पृ0
365 _aINR
_b400
650 _aधर्म
942 _cTB
_hV237 152R3
999 _c1235369
_d1235369